01443nam a22002657a 4500001000400000003001200004005001700016008002800033020001500061040002800076082002800104100003400132245010500166246005900271260004600330300002800376490002100404500005400425506057400479650003001053650003601083650002401119650000601143700002801149074DO-SdBPM 20250516122044.0150918b1997 sp 00| 0 spa d a8434219360 aDO-SdBPM bspacBPMSU 4a372.66 bL253b 19972221 aLanda, Thomas Joseph d1959-10a La belle durmiente :bescenarios, vestuarios y decoraciones /cThomas Joseph Labda, Norbert Landa 14aTeatro para niños : bvestuario, obras y actividades aBarcelona :bParramón Ediciones, c1997 a63 p. :bils, ;c27 cm.0 aTeatro infantil  3dirigido a grupos, escuelas y talleres de teatro  a "La obra Teatro para niños es una valiosa herramienta pedagógica que corrobora la efectividad de la enseñanza a través de los medios audiovisuales. Una obra para que los niños se diviertan actuando con mucha magia y color. Consiste de 15 Obras de teatro para representar, material ideal para profesores, docentes de teatro que están comenzando a enseñar en colegios de nivel inicial/ primario, etc. Ejemplar que contiene actividades, obras diversas, consejos para abordar una función teatral, gráficos que muestran los diferentes vestuarios y mas..." 4aTeatro escolar infantil  4aTeatro xestudio y enseñanza  4aTeatro australiano  4a 1 a Landa, Norberteautor